| 000 | 01905cam a2200325 a 4500 | ||
|---|---|---|---|
| 005 | 20160316020002.0 | ||
| 008 | 130225s2011 ck abdo r 000 0 spa d | ||
| 020 | _a9789588353319 | ||
| 040 |
_aCO-BoPUJ _cCO-BoIAVH _dCO-BoIAVH |
||
| 041 | 0 | _aspa | |
| 044 | _ack | ||
| 082 | 0 | 4 |
_a333.709861 _bU86b |
| 245 | 0 | 0 |
_aBiodiversidad del departamento de Casanare _bidentificación de ecosistemas estratégicos _ceditores José Saulo Usma Oviedo & Fernando Trujillo González |
| 250 | _a1a ed. | ||
| 260 |
_aCasanare (Colombia): _bGobernación de Casanare; _bWWF; _c2011. |
||
| 300 |
_a286 páginas : _bilustraciones, diagramas, fotos, gráficas, mapas y tablas (algunas a color) ; _c30 cm. |
||
| 504 | _aIncluye referencias bibliográficas. | ||
| 505 | 0 | _aPeces del Casanare. Anfibios del Casanare. Reptiles del Casanare. Mamíferos del Casanare. Diversidad cultural del departamento del Casanare. La conservación es pervivencia para los pueblos indígenas de Caño Mochuelo. La conservación privada del departamento del Casanare. Biodiversidad en las sabanas pluviales de Orocué, Casanare. Educación ambiental en Casanare: retos y oportunidades para el manejo de recursos naturales en el Piedemonte y la zona Andina. La educación ambiental como herramienta en la conservación de la Orinoquia. | |
| 650 | 1 | 4 |
_aDiversidad biológica _zCasanare (Colombia) |
| 650 | 4 |
_aBiodiversidad _zCasanare (Colombia) |
|
| 650 | 2 | 4 |
_aEcosistemas _zCasanare (Colombia) |
| 650 | 2 | 4 |
_aEconomía ambiental _zCasanare (Colombia) |
| 650 | 2 | 4 |
_aGestión ambiental _zCasanare (Colombia) |
| 650 | 2 | 4 |
_aEducación ambiental _zCasanare (Colombia) |
| 650 | 2 | 4 |
_aFauna _zCasanare (Colombia) |
| 650 | 2 | 4 |
_aFlora _zCasanare (Colombia) |
| 700 | 1 |
_aTrujillo González, Fernando _eEditor |
|
| 700 | 1 |
_aUsma Oviedo, José Saulo _eEditor |
|
| 942 |
_2ddc _cLIBRO _01 |
||
| 999 |
_c17791 _d17791 |
||